| 000 | 00840nam a2200277Ia 4500 | ||
|---|---|---|---|
| 003 | OSt | ||
| 005 | 20220918175031.0 | ||
| 006 | a|||||r|||| 00| 0 | ||
| 007 | ta | ||
| 008 | 220917b |||||||| |||| 00| 0 eng d | ||
| 024 | _a15,289 | ||
| 037 | _cTextual | ||
| 040 |
_aARTS _cARTS _beng |
||
| 041 |
_2eng _aeng |
||
| 082 | _aNA,2213p1,N73, L5 (2) | ||
| 110 |
_aColloquium on national l;ibrary buldings (Rome) _952606 |
||
| 245 | 0 | _aProceedings ed by Antony Thompson | |
| 260 |
_aThe _bHuge IFLA _c1975 |
||
| 300 |
_a144p. _ccm. |
||
| 490 | _aInternational federation of library association publications; 2 | ||
| 500 | _aAppendix p129-138 | ||
| 650 | _aARTS | ||
| 700 |
_aColloquium on national l;ibrary buldings (Rome) _952607 |
||
| 942 |
_hNA,2213p1,N73, L5 (2) _cTEXL _2CC |
||
| 999 |
_c155712 _d155712 |
||